00553nam a2200157Ia 450000500170000000800410001708200130005810000150007124500160008626000430010230000120014550001230015794200060028095200940028699900150038020241213050111.0240331s9999 xx 000 0 und d bUDAa823 aUdugama, S 4aThe holiday aColombobSwastika ( Pvt) Limitedc1987 a68 P ., aThe Holiday is an Adventure story which takes you to many Beautiful Places in Sri Lanka as well as to its underworld. cL 001040708LaWERCLbWERCLcSSCd2024-03-31l0o 823 UDAp170r2024-03-31w2024-03-31yL c3368d3368